000 00521nam a22001577a 4500
003 macl
005 20210228131913.0
008 210228b xxu||||| |||| 00| 0 eng d
040 _cmacl
082 _a800
100 _aमिश्र,डाॅ .अरूण प्रकाश
_980917
245 _aकुछ साहित्‍य कुछ इतिहास
260 _aदिल्‍ली
_bअनुज्ञा बुक्‍स
_c2018
651 _aसाहित्‍य
_980918
942 _2ddc
_cHIN
999 _c64133
_d64133